| 000 | 003030000a22000970004500 | ||
|---|---|---|---|
| 100 | 1 | _aAparecido da Silva, Antonio | |
| 245 | 1 | 0 | _aReflexión teológica a partir de las comunidades negras de Brasil |
| 300 | _aVol. 17, Num. 2 (Noviembre, 1997), Páginas 55-64 | ||
| 773 | 0 | _tVida y pensamiento | |
| 942 | _cANA | ||
| 999 |
_c53081 _d53081 |
||